000 00674nam a22002417a 4500
003 UA-OsUOA
001 45712
007 ta
008 20070508b un ||||| |||| 00| 0 ukr d
100 _aКоваль В.
090 _a821.161.2
_bК56
942 _cBK
040 _aUA-OsUOA
_bukr
_cUA-OsUOA
_dUA-OsUOA
245 _aСерце моє в колючому дроті...
_bесе, спогади, документи
300 _a703 с.
955 _a3
041 _aukr
080 _a821.161.2
020 _a966-7865-84-3
260 _aК.
_bДніпро
_c2005
650 7 _a82 Література. Літературознавство
_2UDC
999 _c331813
_d331813